000 00339nam a22001337a 4500
005 20160125123624.0
008 160125b xxu||||| |||| 00| 0 eng d
040 _cPK-LaUMT
082 _aAMC 959.704331
_bNGU-
245 _aVo nguyen giap
_bselected writings
260 _aHanoi
_bForeing languages
_c1977
300 _a514 p.
942 _cBK
999 _c82218
_d82218